000 00243nam a2200109Ia 4500
008 190216s9999||||xx |||||||||||||| ||und||
100 _aRao B V
245 0 _aWorld History
260 _bSterling Publications
650 _aHistory
942 _cBK
999 _c19360
_d19360